| 000 | 00483nam a2200169 i 4500 | ||
|---|---|---|---|
| 001 | 21540 | ||
| 003 | ES-MaACL | ||
| 005 | 20250430203727.0 | ||
| 007 | t| | ||
| 008 | 021126q1938 sp ||||1| spa d | ||
| 100 | 1 |
_aAlberti, Rafael, _d1902-1999 _9240174 |
|
| 245 | 1 | 0 |
_aPoesÃa _b: 1924-1937 / _cRafael Alberti. |
| 260 |
_aMadrid : _bSigno, _c[1938?] ( _fS. Aguirre) |
||
| 300 |
_a421 p. : _b1 retr. ; _c24 cm. |
||
| 852 |
_aES-MaACL _jA-4757 |
||
| 999 |
_c21540 _d21540 |
||